000 00456nam a2200193Ia 4500
005 20240823044543.0
008 240823s9999||||xx |||||||||||||| ||und||
020 _a978-81-203-3832-6
041 _aENGLISH
082 _A005.133 Q0
100 _aDeitel
245 0 _aJAVA How to Program
250 _a8th
260 _c2010
_b"Pearson,Singapore"
500 _aYES
650 _aComputer Science
_bComputer Science
942 _cBK
999 _c212864
_d212864